Culture très générale - 100 questions. - Statistiques

Statistiques générales
  • Ce quiz a été pris 3 268 fois
  • Le résultat moyen est 52 sur 100
Statistiques - réponses
Thème Question Réponse % Correct
Technologie ChatGPT par exemple utilise cette technologie actuelle. Intelligence Artificielle
94%
Histoire Année de la chute du mur de Berlin. 1989
92%
Histoire Roi Français pendant la révolution. Louis XVI
90%
Politique Durée du mandat d'un sénateur en France. 6 ans.
89%
Nintendo Héros rouge, symbole de la marque. Mario
82%
Réseaux Sociaux Renommé "X" depuis 2023. Twitter
82%
Réseaux Sociaux Son logo est un petit fantôme blanc sur fond jaune. Snapchat
81%
Science Première femme prix Nobel de l'Histoire. Marie Curie
80%
Mathématique Nom d'un triangle avec 3 cotés de mêmes longueurs. Équilatéral
79%
Science 5ème planète en partant du soleil. Jupiter
79%
Musique Note située entre le "La" et le "Fa" sur une gamme. Sol
79%
Animaux Emblème de la Nouvelle-Zélande, aussi le nom d'un fruit. Kiwi
77%
Technologie Société qui commercialise le smartphone "Galaxy Z Flip 3". Samsung
77%
Corps humain Nom du "petit doigt". Auriculaire
76%
Technologie "Nuage" permettant de stocker des données sur un serveur à distance. Cloud computing
76%
Corps humain Plus long os. Fémur
76%
Mathématique On lui doit la formule "a² + b² = c²" pour un calcul dans un triangle rectangle. Pythagore
76%
Mathématique 11 X 12 =... 132
75%
Automobile PDG de la société Tesla. Elon Musk
74%
Corps humain Organe touché lorsque l'on soufre d'une cirrhose. Foie
73%
Musique Colombienne, ex-femme du footballeur Gérard Piqué. Shakira
73%
Nintendo Console de salon sortie en 2006. Wii
73%
Football Meilleur buteur Français en finale de coupe du monde. Kylian Mbappé
72%
Science Nombre de paire de chromosomes chez l'Homme. 23
71%
Réseaux Sociaux Application crée par Facebook permettant de discuter avec une ou plusieurs personnes à la fois. Messenger
71%
Politique Président Français élu en 1995. Jacques Chirac
70%
Mathématique Si "x/3+4 = 11", alors x est égal à... 21
69%
Playstation Bouton située sur la droite, en dessous "Rond" et du "Carré". La croix
69%
Animaux Nom du petit du sanglier. Marcassin
69%
Réseaux Sociaux PDG de facebook. Mark Zuckerberg
69%
Technologie Son nom complet est "Universal Serial Bus". USB
69%
Politique Fondateur et premier président de la Vème république. Charles De Gaulle
68%
Histoire Vercingétorix fut vaincu par César lors du siège... D'Alésia
68%
Monument Ville ou se trouve le stade Vélodrome. Marseille
68%
Europe Ville ou se trouve le siège du parlement. Strasbourg
68%
Flore Nombre de pétales sur un coquelicot. 4
67%
Réseaux Sociaux Réseau social professionnel en ligne créé en 2003, en Californie. LinkedIn
67%
Nintendo Jeu de vie, on y incarne un personnage vivant dans un village d'animaux. Animal Crossing
66%
Europe Pays dont faisait partie la Croatie et la Slovénie en 1980. Yougoslavie
66%
Europe Sa capitale est Tallinn. Estonie
65%
Corps humain Organes qui assurent la filtration du sang et la production de l'urine. Les reins
65%
Cinéma Elle interprète "Barbie" dans le film sortie en 2023. Margot Robbie
64%
Animaux Denver est le dernier de son espèce dans un dessin-animé. Dinosaure
62%
Football Club recordman de titre en Ligue des Champions. Réal Madrid
62%
Playstation Société commercialisant la "playstation". Sony
62%
Europe Ville la plus peuplée. Londres
61%
Nintendo Franchise sortie en 1999 en France, avec les versions rouge et bleu. Pokémon
61%
Mathématique Le résultat d'une division s'appelle un ... Quotient
61%
Automobile Constructeur Allemand, commercialisant le Tiguan ou la Polo. Volkswagen
61%
Musique La "Symphonie n° 40, 1er mouvement" est le plus connue de ce virtuose. Wolfgang Amadeus Mozart
61%
Histoire Année du sacre de Charlemagne. 800
59%
Série TV Acolyte de "Morty" dans une série diffusé sur Netflix. Rick
58%
Science Autre nom de "l'acide désoxyribonucléique". ADN
56%
Langue Se dit "Kinder" en Allemand Enfants
56%
Cinéma Saga en 4 parties ayant révélée "Jennifer Lawrence". Hunger Games
56%
Monument Pays ou l'on trouve le Burj Khalifa, plus haut bâtiment du monde. Émirats arabes unis
55%
Musique Interprète de "Blank space", "Bad blood" ou "Shake it off". Taylor Swift
55%
Langue "Manger" en espagnol Comer
54%
Europe Capitale de la Bosnie. Sarajevo
53%
Nintendo Petite boule rose, qui vit a Dreamland. Kirby
52%
Science Nom des frères qui présentaient l'émission "Temps X". Bogdanov
50%
Monument Merveille du monde actuelle située au Pérou. Le Machu Pichu
49%
Monument Merveille du monde antique que l'on trouve à Alexandrie. Le phare
49%
Technologie Nom donné à la monnaie "virtuelle". Cryptomonnaie
47%
Automobile Pilote, 9 fois champion du monde des Rallyes. Sébastien Loeb
46%
Football Surnom donné à l'équipe nationale Brésilienne. La Seleçao
43%
Série TV Elle joue le rôle de "Eleven (ou onze)" dans Stranger Things. Millie Bobby Brown
42%
Littérature Écrivain Américain auteur de "Carrie" ou "Shining". Stephen King
40%
Cinéma Acteur principal du film "Intouchable", avec Omar Sy. François Cluzet
38%
Playstation Console commercialisée à partir de 2005 en Europe. PSP
37%
Langue Se dit "Xièxiè" en Chinois. Merci
36%
Littérature Pièce écrite par Molière intitulé "Les précieuses... Ridicules
35%
Langue En anglais, "une souris = a mouse" mais "des souris =..." Mice
34%
Littérature Fable de La Fontaine intitulée " Le chêne et le... Roseau
34%
Corps humain Os formant l'oreille avec l'enclume et le marteau. L'étrier
33%
Football Joueur Africain ballon d'or. Georges Weah
32%
Animaux Animal national Canadien, que l'on trouve sur leurs pièces de 5 cents. Castor
31%
Flore Variété de pomme la plus consommé en France. Golden
30%
Politique Il est le 40ème président des USA, élu en 1981. Ronald Reagan
29%
Flore "Espèce" du plus grand arbre du monde situé en Californie. Séquoia géant
29%
Politique Elle fut la 1ère femme premier ministre en France. Edith Cresson
24%
Littérature Romancière Belge auteure de "Stupeur et tremblements". Amélie Nothomb
23%
Animaux Autre nom donné au serpent à sonnette. Le crotale
23%
Littérature Ensemble des 20 romans écrits par Zola. Les Rougon-Macquart
23%
Série TV Il joue le rôle de Joey dans Friends. Matt LeBlanc
23%
Série TV Quartier ou vivent les habitants dans la série "Plus belle la vie". Le mistral
22%
Playstation Nom du héros de la série de jeu "Uncharted". Nathan Drake
22%
Musique 4ème membre des Beatles avec Paul McCartney, Ringo Starr et John Lennon. George Harrison
21%
Flore Une rose de cette couleur symbolise la flamboyance. Orange
20%
Cinéma Titre du 2ème volet de la saga "Indiana Jones". Indiana Jones - Le temple maudit
17%
Automobile Modèle de voiture la plus vendue en France en 2022. Peugeot 208
17%
Cinéma Réalisateur de "Taxi driver" et "Gangs of New-York". Martin Scorsese
15%
Histoire "Ere" regroupant le crétacé, le Jurassique et le Trias. Le Mésozoïque
12%
Playstation Série de jeux appelés "Biohazard" au Japon. Résident Evil
12%
Football Première joueuse ballon d'or de l'histoire. Ada Hegerberg
11%
Automobile SUV signifie en Anglais "... Utility Vehicle" Sport
11%
Monument Né en 1869 à Lyon et mort le 19 janvier 1948 c'est un architecte et urbaniste français. Une salle de spectacle porte son nom à Lyon. Tony Garnier
6%
Flore Nom donné aux arbres qui ne perdent pas leurs feuilles. Les arbres persistants
5%
Série TV Ville ou se déroule la série "Buffy contre les vampires". Sunnydale
4%
Langue Traduction de "Argent" en Turc. Para
2%
Aucun quiz correspondant
Distribution des résultats
% des personnes avec chaque résultat
Percentile par nombre de réponses
Votre historique - résultats
Vous n’avez pas pris ce quiz